000 00977nam a2200277 i 4500
001 bg
100 1 _aKACPERCZYK, Ewa
245 0 0 _aRynek wewnętrzny województwa zachodniopomorskiego w latach 1999-2000 /
_c[oprac. Ewa Kacperczyk, Maria Myszkowska, Maria Sicińska-Szewczyk].
260 _aSzczecin :
_bUS,
_c2001.
300 _a60 s. ;
_c24 cm.
490 1 _aInformacje i Opracowania Statystyczne =
_aUrząd Statystyczny w Szczecinie
650 9 _aHandel
_zPolska
_yod 1999 r.
651 9 _aZachodniopomorskie, województwo
_xhandel
_zod 1999 r.
655 _aDane statystyczne
700 1 _aMYSZKOWSKA, Maria.
_eOprac.
700 1 _aSICIŃSKA-SZEWCZYK, Maria.
_eOprac.
710 0 _aUrząd Statystyczny (Szczecin)
830 0 _aInformacje i Opracowania Statystyczne
020 _a8388718053
040 _cBPK
041 0 _apl
080 _a658.8(438)"1999/2000"(083.41)
920 _a83-88718-05-3
942 _cKS
008 s pl f |000 0 pol
999 _c35700
_d35700
856 _uhttp://koha.tu.koszalin.pl/cgi-bin/koha/opac-detail.pl?biblionumber=35700
_yKatalog online BPK